| 000 | 01042nam a2200253Ia 4500 | ||
|---|---|---|---|
| 001 | 11416 | ||
| 003 | GE_BSU | ||
| 008 | 181216s||||||||xx |||||||||||||| ||und|| | ||
| 040 | _cGE_BSU | ||
| 080 | _a821.353.1 | ||
| 100 | _aწოწონავა, თენგიზ | ||
| 245 | _aარგუმენტირებული ესე | ||
| 245 | _bქართული ენა და ლიტრატურა საერთო სამაგისტრო გამოცდა (ანალიტიკური წერა) | ||
| 245 | _cმხატვ: რედ: ირაკლი ბელთაძე | ||
| 260 | _aთბილისი | ||
| 260 | _bსაავტორო გამ-ბა | ||
| 260 | _c2013 | ||
| 300 | _a136გვ.29სმ. | ||
| 520 | _aშემოსულია ტემპუსის პროექტით | ||
| 541 | _h7ლ. | ||
| 653 | _aარგუმენტირებული ესე | ||
| 653 | _aტემპუსის პროექტით | ||
| 942 | _cBK | ||
| 999 |
_c44613 _d44613 |
||